000 02686nkm0a2200421 4500
001 RU\NLR\bibl\2087302
005 20250806204032.0
020 _aRU
_9ЛЕНИНГРАД В ВЕЛИКОЙ ОТЕЧЕСТВЕННОЙ ВОЙНЕ : Печать Ленинграда, 1941 - 1945 : каталог изданий, хранящихся в фондах Гос. Публ. б-ки, вып.2. Листовки, плакаты, открытки, альбомы / Гос. публ. б-ка им. М.Е. Салтыкова-Щедрина. - Ленинград, 1972
035 _a(NLR Aleph) 010198970
090 _a74796
_c74796
100 _a20140203d1944 u y0rusy50 ca
101 0 _arus
102 _aRU
105 _ay z |||||
200 1 _a2350 фашистских стервятников сбили летчики Балтики за три года Отечественной войны
_fавтолитогр. А. Трескина
210 _a[Ленинград]
_cПолитическое управление Краснознаменного Балтийского флота
_d1944
215 _a1 л.
_cил.
_d37х28
300 _aТекст с одной стороны листовки
325 _aКопия доступна в Электрон. б-ке РНБ http://vivaldi.nlr.ru/ll000074981/view
337 _aЭлектронная копия доступна в Электронной библиотеке РНБ
606 1 _aБлокада Ленинграда
_z1941 - 1944
_jЛистовки
_2nlr_sh1
_2nlr_sh2
_3RU\NLR\AUTH\661253360
686 _aТ3(2)722.721,011
686 _aЦ35(2)722.11(2Р-4Ле-2Ленинград)-65
702 1 _aТрескин
_bА. В.
_cхудожник, реставратор
_f1905-1986
_gАнатолий Владимирович
_3RU\NLR\auth\770128161
_4040
712 0 2 _aБалтийский флот
_bПолитическое управление
_3RU\NLR\AUTH\8810005574
_4570
801 0 _aRU
_bNLR
_c19720101
_gPSBO
801 1 _aRU
_bNLR
_c20140203
_gRCR
852 _aNLR
_bЛ3-330л
_j7/3-4
856 0 _uhttp://vivaldi.nlr.ru/ll000074981/view
856 1 _uhttp://vivaldi.nlr.ru/ll000074981/cover
856 2 _uhttp://vivaldi.nlr.ru/ll000074981/text
942 _cVISUAL
945 _aРоссийская национальная библиотека
980 _aBV
981 2 1 _a(21) Листовки
_b(21) Листовки блокадного Ленинграда
981 3 7 _a(37) Ленинград в Великой Отечественной войне
_b(37) Листовки блокадного Ленинграда